000 00291nam a2200109Ia 4500
008 190216s9999||||xx |||||||||||||| ||und||
100 _aSancheti D C&Amp; Kapoor V K
245 0 _aQuantitative Methods
260 _bCalicut University Central Co-Operative
_c1996
300 _a1456p
942 _cBK
999 _c5775
_d5775